A nyugdíjrendszerek fenntarthatósága és elégségessége

Bibliográfiai részletek
Szerző: Takács Eszter
További közreműködők: Párniczky Tibor
Dokumentumtípus: Diplomadolgozat
Kulcsszavak:Nyugdíj
fenntarthatóság
elégségesség
Online Access:http://dolgozattar.uni-bge.hu/17344

MARC

LEADER 00000nta a2200000 i 4500
001 dolg17344
005 20190403144544.0
008 180517suuuu hu om 000 hun d
040 |a BGE Dolgozattár Repozitórium  |b hun 
041 |a hu 
100 1 |a Takács Eszter 
245 1 2 |a A nyugdíjrendszerek fenntarthatósága és elégségessége  |c Takács Eszter  |h [elektronikus dokumentum] 
246 1 1 |a A nyugdíjrendszerek fenntarthatósága és elégségessége 
695 |a Nyugdíj 
695 |a fenntarthatóság 
695 |a elégségesség 
700 1 |a Párniczky Tibor  |e ths 
856 4 0 |u http://dolgozattar.uni-bge.hu/17344/1/Szakdolgozat_ocyl05_Tak%C3%A1cs%20Eszter%20Andrea.pdf  |z Dokumentum-elérés